000 00420nam a22001817a 4500
003 MPLRDC
005 20220104175752.0
008 210129b ||||| |||| 00| 0 eng d
020 _a0-19-580801-0
082 _a859.6 DIN
100 _aMARYAN DINGLE
245 _aALADIN DAN ALI BABA
_c
250 _a第三版
260 _a
_bPENERBIT FAJAR BAKTI
_c1978
300 _b
650 _a
942 _cBK
_o859.6 DIN
999 _c60562
_d60552